| 000 | 00656nam a2200217 a 4500 | ||
|---|---|---|---|
| 001 | 1284 | ||
| 003 | CDMR | ||
| 005 | 20131205102236.0 | ||
| 008 | 130130s1978||||sp |||||||||||||||||spa|d | ||
| 020 | _a8436801024 | ||
| 040 |
_aCDMR _bcat _cCPC GIRONA |
||
| 100 | 1 |
_92108 _aMartínez Albertos, José Luís |
|
| 245 | 1 | 3 |
_aLa noticia y los comunicadores públicos _cJosé Luis Martínez Albertos |
| 260 |
_aMadrid _bPirámide _c1978 |
||
| 300 | _a247 p. | ||
| 490 | 0 | _aMedios (Pirámide) | |
| 650 | 0 | 4 |
_9999 _aPeriodisme _xAspectes polítics |
| 650 | 0 | 4 |
_93219 _aPeriodisme _xObjectivitat |
| 650 | 0 | 4 |
_93782 _aPeriodistes _xPràctica professional |
| 942 |
_cMON _2udc |
||
| 999 |
_c1284 _d1284 |
||